[Event "HUN-chT2 Toth 0910"]
[Site "Hungary"]
[Date "2010.02.14"]
[Round "6.11"]
[White "Jako, Robert"]
[Black "Laszlo, Bela"]
[Result "0-1"]
[WhiteElo "1785"]
[BlackElo "1851"]
[PlyCount "64"]
[EventDate "2009.11.08"]
[EventType "team-tourn"]
[EventRounds "11"]
[EventCountry "HUN"]
[SourceTitle "EXT 2011"]
[Source "ChessBase"]
[SourceDate "2010.11.26"]
[SourceVersion "1"]
[SourceVersionDate "2010.11.26"]
[SourceQuality "1"]
[WhiteTeam "Mezobereny"]
[BlackTeam "Karcag"]
[WhiteTeamCountry "HUN"]
[BlackTeamCountry "HUN"]

1. d4 d5 2. g3 c6 3. Bg2 Bf5 4. Nf3 e6 5. Bf4 Qb6 6. Qc1 Nd7 7. e3 Qa6 8. Nbd2 Ngf6 9. Bc7 b6 10. c4 Rc8 11. Bf4 Bd3 12. Bf1 Bxf1 13. Rxf1 c5 14. b3 cxd4 15. Nxd4 e5 16. Nb5 exf4 17. exf4 dxc4 18. Nxc4 Bb4+ 19. Kd1 0-0 20. a4 Qb7 21. Qb2 Qf3+ 22. Qe2 Qxb3+ 23. Qc2 Qxc4 24. Qxc4 Rxc4 25. Nxa7 Re8 26. Nb5 Rc5 27. Rb1 Rd5+ 28. Kc2 Rc8+ 29. Kb3 Ba5 30. Na7 Rc3+ 31. Kb2 Rd2+ 32. Ka1 Ra3# 0-1

[Event "HUN-chT2 Toth 0910"]
[Site "Hungary"]
[Date "2009.12.06"]
[Round "3.11"]
[White "Laszlo, Bela"]
[Black "Kondor, Daniel"]
[Result "1-0"]
[WhiteElo "1851"]
[BlackElo "1659"]
[PlyCount "57"]
[EventDate "2009.11.08"]
[EventType "team-tourn"]
[EventRounds "11"]
[EventCountry "HUN"]
[SourceTitle "EXT 2011"]
[Source "ChessBase"]
[SourceDate "2010.11.26"]
[SourceVersion "1"]
[SourceVersionDate "2010.11.26"]
[SourceQuality "1"]
[WhiteTeam "Karcag"]
[BlackTeam "Szentes Spartacus"]
[WhiteTeamCountry "HUN"]
[BlackTeamCountry "HUN"]

1. d4 d5 2. c4 dxc4 3. Nc3 e6 4. e3 Nf6 5. Bxc4 Nc6 6. Nf3 Bb4 7. 0-0 0-0 8. a3 Ba5 9. b4 Bb6 10. Bb2 a6 11. Rc1 Ne7 12. Qc2 c6 13. Rfd1 Bc7 14. e4 h6 15. Ba2 Ng6 16. d5 exd5 17. exd5 Bf4 18. dxc6 Qc7 19. Qxg6 Bxc1 20. Rxc1 Kh8 21. Qg3 Qxg3 22. hxg3 bxc6 23. Ne5 Ra7 24. Nxc6 Rc7 25. Nd4 Rd7 26. Nf3 Re8 27. Bb3 Ree7 28. Nd5 Nxd5 29. Rxc8+ 1-0

[Event "HUN-chT2 Barcza 0405"]
[Site "Hungary"]
[Date "2005.02.20"]
[Round "8"]
[White "Laszlo, Bela"]
[Black "Pipo, Janos"]
[Result "1/2-1/2"]
[WhiteElo "1809"]
[BlackElo "1663"]
[PlyCount "98"]
[EventDate "2004.09.26"]
[EventType "team-tourn"]
[EventRounds "11"]
[EventCountry "HUN"]
[SourceTitle "EXT 2009"]
[Source "ChessBase"]
[SourceDate "2008.11.26"]
[SourceVersion "1"]
[SourceVersionDate "2008.11.26"]
[SourceQuality "1"]
[WhiteTeam "Karcag"]
[BlackTeam "Hajduboszormeny II"]
[WhiteTeamCountry "HUN"]
[BlackTeamCountry "HUN"]

1. Nf3 c5 2. g3 Nc6 3. Bg2 g6 4. c4 Bg7 5. 0-0 Nf6 6. d4 cxd4 7. Nxd4 Qb6 8. Nxc6 bxc6 9. Nd2 Ba6 10. Rb1 Rb8 11. b3 d5 12. Bb2 Rd8 13. Qc1 0-0 14. Re1 Rfe8 15. e3 e5 16. Qc2 e4 17. Rbc1 Bb7 18. c5 Qc7 19. Bf1 Bc8 20. b4 a6 21. a4 h5 22. h4 Ng4 23. Bxg7 Kxg7 24. Qb2+ Kg8 25. b5 axb5 26. axb5 Bb7 27. bxc6 Bxc6 28. Qb6 Re7 29. Rb1 Ne5 30. Red1 Rc8 31. Be2 Ba4 32. Qxc7 Rexc7 33. Nb3 Bxb3 34. Rxb3 Rxc5 35. Rdb1 Rc1+ 36. Kg2 Rxb1 37. Rxb1 Rc2 38. Kf1 Kg7 39. Rd1 Rc5 40. Ba6 Kf6 41. Be2 Kf5 42. Kg2 f6 43. Rd2 Ng4 44. Bxg4+ Kxg4 45. Ra2 g5 46. hxg5 fxg5 47. Ra8 Rc2 48. Rd8 Rc5 49. Re8 h4 1/2-1/2